Countries of Oceania by Flag and First Letter - Statistics

General Stats
  • This quiz has been taken 15 times
  • The average score is 10 of 14
Answer Stats
Picture Answer % Correct
Papua New Guinea
86%
Australia
79%
Kiribati
79%
New Zealand
79%
Fiji
71%
Palau
71%
Samoa
71%
Tonga
71%
Tuvalu
71%
F.S. Micronesia
64%
Solomon Islands
64%
Marshall Islands
57%
Nauru
57%
Vanuatu
57%
No matching quizzes found
Score Distribution
Percent of People with Each Score
Percentile by Number Answered
Your Score History
You have not taken this quiz